000 00571nam a22002537a 4500
003 UA-OsUOA
001 22429
007 ta
008 20031219b un ||||| |||| 00| 0 ukr d
100 _aНицше ф.
090 _a130.3
_bН70
942 _cBK
040 _aUA-OsUOA
_brus
_cUA-OsUOA
_dUA-OsUOA
245 _aСочинения в двух томах
300 _a832 с.
955 _a0
041 _arus
080 _a130.3
020 _a5-244-00138-8
260 _aМосква
_bМысль
_c1990
246 3 1 _aТ. 1
_n
044 _aRU
650 7 _2UDC
999 _c308649
_d308649